Statistics for WoW

Click here to take the quiz!

General Stats

  • This quiz has been taken 296 times
  • The average score is 11 of 12

Answer Stats

HintAnswer% Correct
Opposite Faction of HordeAlliance
97%
First expansionBurning Crusade
97%
Class that can summon demonsWarlock
97%
Third ExpansionCataclsym
96%
Class that can tame beastsHunter
96%
Second ExpansionWrath of the Lich King
96%
Fourth ExpansionMists of Pandaria
94%
Pointy Ear Elf, HordeBlood Elf
93%
Fifth ExpansionWarlords of Draenor
93%
Pointy Ear Elf, AllianceNight Elf
92%
2nd Expansions "boss"Lich King
84%
Lich Kings "servants"Death Knight
57%

Score Distribution

Percentile by Number Answered

Percent of People with Each Score

Your Score History

You have not taken this quiz